| 000 | 01017nam a22002777a 4500 | ||
|---|---|---|---|
| 001 | 8789 | ||
| 003 | FISKH | ||
| 005 | 20251021080744.0 | ||
| 008 | 251021b cb ||||| |||| 00| 0 eng d | ||
| 020 | _a9780448439044 | ||
| 040 |
_aFISKH _beng _cFISKH _dFISKH |
||
| 050 | _aPR2895 .M36 | ||
| 082 | _a822.3 | ||
| 100 | _aMannis, Celeste Davidson | ||
| 245 |
_aWho was William Shakespeare? / _cby Celeste Davidson Mannis ; illustrated by John O' Brien |
||
| 260 |
_aNew York : _bGrosset & Dunlap, _c2006. |
||
| 300 |
_a105 pages : _billustrations ; _c20 cm |
||
| 505 | _aR | ||
| 520 | _aPresents a brief profile of the life and works of sixteenth-century playwright, William Shakespeare; and contains black-and-white illustrations that include a diagram of the Globe Theater. | ||
| 521 | 8 |
_a690
_bLexile estimate |
|
| 521 | 8 |
_aR
_bRaz-Plus |
|
| 650 |
_aBiography _vSchool Room Youth Novels Shelf _xWho Was? Books |
||
| 700 |
_aO' Brien, John _eillustrator |
||
| 942 |
_2ddc _cBK _n0 |
||
| 999 |
_c8789 _d8789 |
||